000 00536nam a2200205Ia 4500
005 20260602132654.0
008 131103s9999 xx 000 0 und d
040 _aLoreto College
041 _aEnglish
082 _a840.9
_bLAG
100 _aLagarde, Andre
245 _aXix siecle
_cAndre Lagarde & Laurent Michard
260 _aParis
_bBordas
_c1969
300 _a576p.
_b ill.
504 _aIncludes table
650 _aFrench literature - History & criticism
700 _aMichard, Laurent
850 _aLCLIB
942 _cBK
999 _c24554
_d75033